Telesná výchova výberové programy cvičení pre vyučovanie telesnej výchovy na vysokých školách

Enregistré dans:
Détails bibliographiques
Auteur principal: Horský, Ladislav
Format: Livre
Langue:slovaque
Publié: Bratislava Vysoká škola ekonomická 1982
Tags: Ajouter un tag
Pas de tags, Soyez le premier à ajouter un tag!

MARC

LEADER 00000nam a2200000 4500
001 c129366
005 20181219133329.8
041 0 |a slo 
044 |a SK 
245 1 0 |a Telesná výchova  |b výberové programy cvičení pre vyučovanie telesnej výchovy na vysokých školách  |c Ladislav Horský 
264 1 |a Bratislava  |b Vysoká škola ekonomická  |c 1982 
300 |a 174 s. 
100 1 |a Horský, Ladislav